[Event "CUB-ch (Women)"]
[Site "Pinar del Rio"]
[Date "2024.02.17"]
[Round "10"]
[White "Valdes Boza, Aliett"]
[Black "Alfonso Ruisanchez, Laritza"]
[Result "1-0"]
[WhiteElo "1944"]
[BlackElo "1950"]
[PlyCount "91"]
[EventDate "2024.02.08"]
[EventType "swiss"]
[EventRounds "10"]
[EventCountry "CUB"]
[SourceTitle "CB08_2024"]
[SourceDate "2024.02.21"]
[SourceVersion "1"]
[SourceVersionDate "2024.02.21"]
[SourceQuality "1"]

1. e4 c5 2. Nc3 Nc6 3. Nf3 g6 4. d4 cxd4 5. Nxd4 Bg7 6. Be3 Nf6 7. Bc4 0-0 8. f3 a6 9. Qd2 b5 10. Bb3 Qc7 11. 0-0-0 Na5 12. g4 b4 13. Na4 Nxb3+ 14. axb3 Rb8 15. Bh6 d5 16. Bxg7 Kxg7 17. e5 Ng8 18. h4 Bd7 19. h5 Qxe5 20. hxg6 fxg6 21. Nc5 Qd6 22. Qh2 Qxh2 23. Rxh2 Rbd8 24. Nde6+ Bxe6 25. Nxe6+ Kh8 26. g5 Rde8 27. Nxf8 Rxf8 28. Rxd5 Rxf3 29. Rd4 Rf5 30. Rdh4 h5 31. gxh6 a5 32. h7 Nf6 33. Re2 g5 34. Rh6 Ng4 35. Ra6 e5 36. Rxa5 Kxh7 37. Rb5 Rf4 38. c4 bxc3 39. bxc3 Kg6 40. c4 e4 41. c5 e3 42. c6 Rf7 43. Rc5 Rc7 44. b4 Kh5 45. b5 Ne5 46. Rxe5 1-0

[Event "CUB-ch (Women)"]
[Site "Pinar del Rio"]
[Date "2024.02.10"]
[Round "3"]
[White "Lopez Samon, Yurima"]
[Black "Alfonso Ruisanchez, Laritza"]
[Result "1/2-1/2"]
[WhiteElo "2020"]
[BlackElo "1950"]
[PlyCount "20"]
[EventDate "2024.02.08"]
[EventType "swiss"]
[EventRounds "10"]
[EventCountry "CUB"]
[SourceTitle "CB08_2024"]
[SourceDate "2024.02.21"]
[SourceVersion "1"]
[SourceVersionDate "2024.02.21"]
[SourceQuality "1"]

1. e4 c5 2. Nf3 d6 3. d3 Nc6 4. g3 g6 5. Bg2 Bg7 6. 0-0 e6 7. Re1 Nge7 8. c3 0-0 9. Nbd2 b5 10. Nf1 Rb8 1/2-1/2

[Event "FIDE World Uni Rapid-D 1st"]
[Site "Tornelo INT"]
[Date "2021.03.20"]
[Round "5"]
[White "Alfonso Ruisanchez, Laritza"]
[Black "Morata, Jules"]
[Result "0-1"]
[WhiteElo "2108"]
[BlackElo "1568"]
[PlyCount "26"]
[EventDate "2021.03.20"]
[EventType "swiss (rapid)"]
[EventRounds "12"]
[EventCountry "NET"]
[SourceTitle "EXT 2022"]
[Source "ChessBase"]
[SourceDate "2021.10.06"]
[SourceVersion "1"]
[SourceVersionDate "2021.10.06"]
[SourceQuality "1"]

1. e4 d5 2. exd5 Qxd5 3. Nc3 Qa5 4. d4 Nf6 5. Bd2 c6 6. Nf3 Bg4 7. Be2 e6 8. h3 Bh5 9. 0-0 Nbd7 10. Re1 Qc7 11. Ne5 Bg6 12. Bf4 Bd6 13. Bc4 Nh5 0-1

[Event "FISU World University KO"]
[Site "Tornelo INT"]
[Date "2020.10.29"]
[Round "1"]
[White "Alfonso Ruisanchez, Laritza"]
[Black "Michelle, Catherina P"]
[Result "0-1"]
[WhiteElo "2108"]
[BlackElo "2176"]
[PlyCount "76"]
[EventDate "2020.10.29"]
[EventType "team-k.o. (rapid)"]
[EventRounds "4"]
[EventCountry "NET"]
[SourceTitle "CBM 199 Extra"]
[Source "ChessBase"]
[SourceDate "2021.01.31"]
[SourceVersion "1"]
[SourceVersionDate "2021.01.31"]
[SourceQuality "1"]
[WhiteTeam "Cuba"]
[BlackTeam "India"]
[WhiteTeamCountry "CUB"]
[BlackTeamCountry "IND"]

1. e4 e5 2. Nf3 Nc6 3. Bb5 g6 4. 0-0 Bg7 5. c3 a6 6. Ba4 Nge7 7. d4 b5 8. Bc2 exd4 9. cxd4 d5 10. e5 Bg4 11. Be3 Nf5 12. Bxf5 Bxf5 13. Nbd2 0-0 14. a3 f6 15. Rc1 Qd7 16. Bf4 Rae8 17. Re1 Bg4 18. Qc2 Nxd4 19. Nxd4 fxe5 20. Nxb5 axb5 21. Bg3 Rf7 22. Nb3 d4 23. Nc5 Qd5 24. f3 Bf5 25. Ne4 Bh6 26. Rcd1 c5 27. b3 c4 28. bxc4 bxc4 29. Rb1 Be3+ 30. Kh1 Bxe4 31. fxe4 Qc5 32. Qa4 Ref8 33. h3 d3 34. Rb5 Rf1+ 35. Rxf1 Rxf1+ 36. Kh2 Bg1+ 37. Kh1 Bh2+ 38. Kxh2 Qg1# 0-1

[Event "Guillermo Garcia Memorial op 28th"]
[Site "Santa Clara"]
[Date "2019.04.27"]
[Round "5"]
[White "Roca Rojas, Ana Flavia"]
[Black "Alfonso Ruisanchez, Laritza"]
[Result "1/2-1/2"]
[WhiteElo "2146"]
[BlackElo "1961"]
[PlyCount "38"]
[EventDate "2019.04.23"]
[EventType "swiss"]
[EventRounds "9"]
[EventCountry "CUB"]
[SourceTitle "EXT 2020"]
[Source "ChessBase"]
[SourceDate "2019.10.17"]
[SourceVersion "1"]
[SourceVersionDate "2019.10.17"]
[SourceQuality "1"]

1. c4 c5 2. Nc3 Nc6 3. Nf3 Nf6 4. d4 cxd4 5. Nxd4 g6 6. e4 d6 7. Be2 Bg7 8. Be3 0-0 9. 0-0 Bd7 10. Rc1 Ne8 11. Nxc6 bxc6 12. f4 Qb8 13. b3 Qc8 14. c5 f5 15. cxd6 exd6 16. Bd4 Bxd4+ 17. Qxd4 fxe4 18. Bc4+ Be6 19. Qxe4 Ng7 1/2-1/2

[Event "Guillermo Garcia Memorial op 28th"]
[Site "Santa Clara"]
[Date "2019.04.23"]
[Round "1"]
[White "Gil Alba, Hector Luis"]
[Black "Alfonso Ruisanchez, Laritza"]
[Result "1-0"]
[WhiteElo "2233"]
[BlackElo "1961"]
[PlyCount "39"]
[EventDate "2019.04.23"]
[EventType "swiss"]
[EventRounds "9"]
[EventCountry "CUB"]
[SourceTitle "EXT 2020"]
[Source "ChessBase"]
[SourceDate "2019.10.17"]
[SourceVersion "1"]
[SourceVersionDate "2019.10.17"]
[SourceQuality "1"]

1. d4 Nf6 2. Nf3 e6 3. c4 b6 4. g3 Bb7 5. Bg2 d6 6. 0-0 Be7 7. Nc3 Nbd7 8. d5 exd5 9. cxd5 0-0 10. Nd4 Ng4 11. e4 Bf6 12. Nc6 Bxc6 13. dxc6 Nde5 14. f4 Nxh2 15. Kxh2 Ng6 16. Nd5 h6 17. Qg4 Bd4 18. e5 dxe5 19. f5 e4 20. Qxe4 1-0

[Event "CUB-ch U18 Girls"]
[Site "San Nicolas de Bari"]
[Date "2018.06.14"]
[Round "2"]
[White "Alfonso Ruisanchez, Laritza"]
[Black "Hernandez Gil, Ineymig"]
[Result "1-0"]
[WhiteElo "1934"]
[BlackElo "2039"]
[PlyCount "125"]
[EventDate "2018.06.13"]
[EventType "swiss"]
[EventRounds "9"]
[EventCountry "CUB"]
[SourceTitle "EXT 2021"]
[Source "ChessBase"]
[SourceDate "2020.10.23"]
[SourceVersion "1"]
[SourceVersionDate "2020.10.23"]
[SourceQuality "1"]

1. e4 c6 2. d4 d5 3. e5 Bf5 4. Nf3 e6 5. Be2 c5 6. 0-0 Nc6 7. c3 cxd4 8. cxd4 Nge7 9. Nc3 Nc8 10. a3 Nb6 11. h3 Be7 12. Be3 0-0 13. g4 Bg6 14. Ne1 f6 15. exf6 Bxf6 16. f4 Nc4 17. Bxc4 dxc4 18. Ne2 Qd5 19. Nf3 Bd3 20. Rf2 Rad8 21. Rc1 a6 22. g5 Be7 23. Ne5 Nxe5 24. dxe5 Qe4 25. Bb6 Rc8 26. Ng3 Qc6 27. Be3 Bc5 28. Bxc5 Qxc5 29. Qg4 Qe3 30. Rd1 c3 31. bxc3 Rxc3 32. Qf3 Bc4 33. Qxe3 Rxe3 34. Kh2 Rxa3 35. Rd7 b5 36. Nh5 Rf7 37. Rd8+ Rf8 38. Rd7 Ra2 39. Rxa2 Bxa2 40. Rxg7+ Kh8 41. Ra7 b4 42. Nf6 Bb1 43. Rxa6 Rb8 44. Rxe6 Bf5 45. Rd6 b3 46. Nd5 b2 47. Nc3 b1Q 48. Nxb1 Rxb1 49. Rf6 Rb2+ 50. Kg3 Rb3+ 51. Kf2 Bxh3 52. e6 Rb7 53. Ke3 Kg7 54. Ke4 h5 55. Ke5 Rb5+ 56. Ke4 Bg2+ 57. Kd4 h4 58. e7 Rb8 59. Rh6 h3 60. f5 Re8 61. f6+ Kf7 62. Ke5 Rb8 63. g6+ 1-0

[Event "Capablanca Memorial op 53rd"]
[Site "Havana"]
[Date "2018.05.13"]
[Round "5"]
[White "Sanchez Ones, Yeny"]
[Black "Alfonso Ruisanchez, Laritza"]
[Result "0-1"]
[WhiteElo "2078"]
[BlackElo "1821"]
[PlyCount "124"]
[EventDate "2018.05.09"]
[EventType "swiss"]
[EventRounds "10"]
[EventCountry "CUB"]
[SourceTitle "EXT 2021"]
[Source "ChessBase"]
[SourceDate "2020.10.23"]
[SourceVersion "1"]
[SourceVersionDate "2020.10.23"]
[SourceQuality "1"]

1. e4 c5 2. Nf3 e6 3. d4 cxd4 4. Nxd4 Nc6 5. Nc3 Qc7 6. Be2 a6 7. 0-0 Nf6 8. Kh1 Bb4 9. Qd3 0-0 10. f4 Nxd4 11. Qxd4 Bxc3 12. bxc3 d5 13. e5 Ne4 14. c4 Rd8 15. cxd5 Nc3 16. Bf3 exd5 17. a4 b5 18. axb5 Nxb5 19. Qf2 Bf5 20. Ra2 Qc4 21. Rb2 Nd4 22. Rb7 Nxf3 23. Qxf3 Be4 24. Qf2 Qxc2 25. Qxc2 Bxc2 26. Bd2 Rab8 27. Rxb8 Rxb8 28. Rc1 Be4 29. Kg1 h6 30. Bc3 Rb3 31. g3 Ra3 32. Bd4 Ra2 33. Bf2 a5 34. g4 Bc2 35. Bd4 Ra4 36. Be3 Rc4 37. Kf2 a4 38. Ra1 d4 39. Bd2 Kf8 40. h3 Ke7 41. Ke2 Ke6 42. Ra3 Bb3 43. Ra1 Kd5 44. Kf3 Rc2 45. Ke2 Ke4 46. h4 Ba2 47. g5 hxg5 48. hxg5 Bc4+ 49. Ke1 Bb3 50. Ke2 Rb2 51. g6 fxg6 52. e6 Bxe6 53. Rxa4 Bg4+ 54. Ke1 Rb1+ 55. Kf2 Kd3 56. Ba5 Rb2+ 57. Kg3 Bd7 58. Ra1 Ke3 59. Re1+ Re2 60. Rd1 d3 61. Bc3 d2 62. Ba5 Ba4 0-1

[Event "Capablanca Memorial op 53rd"]
[Site "Havana"]
[Date "2018.05.11"]
[Round "3"]
[White "Mateus, Martha"]
[Black "Alfonso Ruisanchez, Laritza"]
[Result "1-0"]
[WhiteElo "2159"]
[BlackElo "1821"]
[PlyCount "106"]
[EventDate "2018.05.09"]
[EventType "swiss"]
[EventRounds "10"]
[EventCountry "CUB"]
[SourceTitle "EXT 2019"]
[Source "ChessBase"]
[SourceDate "2018.10.10"]
[SourceVersion "1"]
[SourceVersionDate "2018.10.10"]
[SourceQuality "1"]

1. e4 c5 2. Nf3 e6 3. d4 cxd4 4. Nxd4 Nc6 5. Nb3 Qc7 6. c4 Nf6 7. Nc3 a6 8. a3 d6 9. Be2 Be7 10. 0-0 Ne5 11. Qd4 Bd7 12. f4 Nc6 13. Qf2 0-0 14. Be3 Bd8 15. Rac1 Ne7 16. Rfd1 Bc6 17. Bf3 Nd7 18. Nd4 Nb6 19. Nd5 exd5 20. cxd5 Nd7 21. b4 Rc8 22. b5 Nc5 23. bxc6 bxc6 24. dxc6 Qa5 25. f5 Bb6 26. f6 Ng6 27. fxg7 Rfe8 28. Nf5 Rxc6 29. Bd4 Ne5 30. Kh1 Re6 31. Qh4 Bd8 32. Qh5 Rg6 33. Qh3 Bg5 34. Rb1 Rb6 35. Bc3 Ncd3 36. Bxa5 Nf2+ 37. Kg1 Nxh3+ 38. Kf1 Rb5 39. Rxb5 axb5 40. Be2 Nf4 41. Bxb5 Ng4 42. h4 Bf6 43. Rxd6 h5 44. Rc6 Nh2+ 45. Ke1 Nxg2+ 46. Kd1 Kh7 47. Rc7 Nxh4 48. Rxf7 Nxf5 49. exf5 Rg1+ 50. Kc2 Rg2+ 51. Kd3 Rg3+ 52. Ke4 Ng4 53. Kd5 Bxg7 1-0

[Event "Bayamo Cespedes tt"]
[Site "Bayamo"]
[Date "2018.03.05"]
[Round "9.2"]
[White "Hernandez Gil, Ineymig"]
[Black "Alfonso Ruisanchez, Laritza"]
[Result "1-0"]
[WhiteElo "1945"]
[BlackElo "1910"]
[PlyCount "75"]
[EventDate "2018.03.01"]
[EventType "team-tourn"]
[EventRounds "10"]
[EventCountry "CUB"]
[EventCategory "1"]
[SourceTitle "CBM 195 Extra"]
[Source "ChessBase"]
[SourceDate "2020.05.31"]
[SourceVersion "1"]
[SourceVersionDate "2020.05.31"]
[SourceQuality "1"]

1. e4 c5 2. Nf3 e6 3. d4 cxd4 4. Nxd4 Nc6 5. Nc3 Qc7 6. Be3 a6 7. Qd2 Nf6 8. 0-0-0 Bb4 9. f3 Ne5 10. Kb1 Bxc3 11. Qxc3 Qxc3 12. bxc3 d5 13. exd5 Nxd5 14. Bd2 b5 15. a4 bxa4 16. c4 Nb6 17. c5 Nbc4 18. Bf4 f6 19. Nc6 Nxc6 20. Bxc4 e5 21. Rhe1 Rb8+ 22. Ka1 Nb4 23. Bxe5 Nxc2+ 24. Ka2 Nxe1 25. Bxb8 Nxg2 26. Rg1 Nh4 27. Rxg7 Nf5 28. Ra7 Bd7 29. Bd6 Bc8 30. Bxa6 Nxd6 31. cxd6 Be6+ 32. Ka3 0-0 33. Re7 Bf7 34. d7 Rd8 35. Bc4 Bxc4 36. Re8+ Kf7 37. Rxd8 Bb5 38. Rf8+ 1-0

[Event "Capablanca Memorial op 52nd"]
[Site "Matanzas"]
[Date "2017.05.28"]
[Round "2"]
[White "Franco Valencia, Angela Maria"]
[Black "Alfonso Ruisanchez, Laritza"]
[Result "1-0"]
[WhiteElo "2270"]
[BlackElo "1916"]
[PlyCount "55"]
[EventDate "2017.05.27"]
[EventType "swiss"]
[EventRounds "10"]
[EventCountry "CUB"]
[SourceTitle "EXT 2018"]
[Source "ChessBase"]
[SourceDate "2017.10.13"]
[SourceVersion "1"]
[SourceVersionDate "2017.10.13"]
[SourceQuality "1"]

1. e4 c5 2. Nf3 e6 3. d4 cxd4 4. Nxd4 Nc6 5. Nc3 a6 6. g3 Qc7 7. Bg2 Nf6 8. 0-0 Be7 9. a4 0-0 10. Kh1 d6 11. f4 Bd7 12. Nb3 Rfd8 13. g4 Na5 14. g5 Ne8 15. Qh5 Nxb3 16. cxb3 f5 17. gxf6 Bxf6 18. Bd2 g6 19. Qe2 Bg7 20. f5 exf5 21. Bg5 Nf6 22. Nd5 Qb8 23. exf5 Bxf5 24. Rxf5 gxf5 25. Qe6+ Kh8 26. Bxf6 Bxf6 27. Nxf6 Qc8 28. Qe7 1-0

[Event "Capablanca Memorial op 52nd"]
[Site "Matanzas"]
[Date "2017.05.27"]
[Round "1"]
[White "Alfonso Ruisanchez, Laritza"]
[Black "Sanchez Ones, Yeny"]
[Result "1-0"]
[WhiteElo "1916"]
[BlackElo "2170"]
[PlyCount "65"]
[EventDate "2017.05.27"]
[EventType "swiss"]
[EventRounds "10"]
[EventCountry "CUB"]
[SourceTitle "EXT 2018"]
[Source "ChessBase"]
[SourceDate "2017.10.13"]
[SourceVersion "1"]
[SourceVersionDate "2017.10.13"]
[SourceQuality "1"]

1. e4 c5 2. Nf3 d6 3. d4 cxd4 4. Nxd4 Nf6 5. Nc3 a6 6. h3 e6 7. g4 Be7 8. Bg2 Nfd7 9. Be3 0-0 10. 0-0 Nc6 11. Nce2 Qc7 12. f4 Nxd4 13. Nxd4 b5 14. f5 Nb6 15. b3 Re8 16. g5 Bf8 17. g6 hxg6 18. fxg6 fxg6 19. Qg4 e5 20. Qxg6 exd4 21. Qxe8 Bf5 22. Qh5 dxe3 23. Rxf5 d5 24. exd5 Rd8 25. Be4 Bc5 26. Rf3 g6 27. Qxg6+ Qg7 28. Qxg7+ Kxg7 29. Kh1 Re8 30. Rg1+ Kh8 31. Rf4 Be7 32. Rf7 Bg5 33. Rh7+ 1-0

[Event "Guillermo Garcia Memorial op 26th"]
[Site "Santa Clara"]
[Date "2017.05.24"]
[Round "8"]
[White "Lopez Montero, Manuel Alejandro"]
[Black "Alfonso Ruisanchez, Laritza"]
[Result "0-1"]
[WhiteElo "2128"]
[BlackElo "1916"]
[PlyCount "110"]
[EventDate "2017.05.16"]
[EventType "swiss"]
[EventRounds "9"]
[EventCountry "CUB"]
[SourceTitle "CBM 178 Extra"]
[Source "ChessBase"]
[SourceDate "2017.06.22"]
[SourceVersion "1"]
[SourceVersionDate "2017.06.22"]
[SourceQuality "1"]

1. e4 c5 2. Nf3 e6 3. c4 Nc6 4. Nc3 a6 5. Be2 d6 6. d4 cxd4 7. Nxd4 Nf6 8. Be3 Bd7 9. 0-0 Be7 10. Rc1 Nxd4 11. Qxd4 Bc6 12. f3 0-0 13. Rfd1 Qc7 14. Nd5 exd5 15. cxd5 Nd7 16. dxc6 bxc6 17. Qc3 Rfc8 18. Bd4 Bf6 19. Bc4 Ne5 20. f4 Nd7 21. Kh1 c5 22. Bxf6 Nxf6 23. Qd3 Rd8 24. b3 a5 25. Bd5 Rab8 26. h3 Rb4 27. e5 Ne8 28. Qf5 g6 29. Qg5 Kg7 30. exd6 Nxd6 31. Qe5+ f6 32. Qc3 Nf5 33. Qxc5 Qxf4 34. Qc7+ Qxc7 35. Rxc7+ Kh6 36. Bf3 Rxd1+ 37. Bxd1 Re4 38. Bc2 Re1+ 39. Kh2 Rc1 40. Rc8 Ne3 41. Bf5 Ra1 42. Be4 Nf1+ 43. Kg1 Ng3+ 44. Kf2 Nxe4+ 45. Ke3 f5 46. a4 Rb1 47. Ra8 Rxb3+ 48. Kf4 Rb4 49. Rxa5 Nc3+ 50. Kf3 Nxa4 51. g4 fxg4+ 52. hxg4 Nc3 53. Rc5 Ne4 54. Re5 Ng5+ 55. Kg3 Re4 0-1

[Event "Guillermo Garcia Memorial op 26th"]
[Site "Santa Clara"]
[Date "2017.05.21"]
[Round "6"]
[White "Alfonso Ruisanchez, Laritza"]
[Black "Gutierrez Espinosa, Karen"]
[Result "1/2-1/2"]
[WhiteElo "1916"]
[BlackElo "2100"]
[PlyCount "164"]
[EventDate "2017.05.16"]
[EventType "swiss"]
[EventRounds "9"]
[EventCountry "CUB"]
[SourceTitle "CBM 178 Extra"]
[Source "ChessBase"]
[SourceDate "2017.06.22"]
[SourceVersion "1"]
[SourceVersionDate "2017.06.22"]
[SourceQuality "1"]

1. e4 c5 2. Nf3 Nc6 3. d4 cxd4 4. Nxd4 Nf6 5. Nc3 e5 6. Ndb5 d6 7. Bg5 a6 8. Na3 b5 9. Nd5 Be7 10. Bxf6 Bxf6 11. c4 b4 12. Nc2 0-0 13. Be2 a5 14. b3 Bg5 15. 0-0 Be6 16. Bf3 Qb8 17. Qd3 Qa7 18. Rad1 Rad8 19. Qe2 Qc5 20. Nc7 Na7 21. Nd5 Kh8 22. Kh1 f5 23. exf5 Bxf5 24. Nce3 Nc6 25. Nxf5 Rxf5 26. Be4 Rff8 27. Qh5 Bh6 28. g4 Rxf2 29. g5 Rdf8 30. Rxf2 Qxf2 31. gxh6 g6 32. Qg5 Nd4 33. Qg2 Qh4 34. Kg1 Qxh6 35. Rf1 Nf5 36. Bd3 Qh4 37. Be4 Qh6 38. h3 Rg8 39. Kh2 Qh4 40. Qg4 Qh6 41. Rf2 Qc1 42. Qg1 Qh6 43. Qg4 Qc1 44. Rg2 Ne3 45. Nxe3 Qxe3 46. Qf3 Qxf3 47. Bxf3 Rf8 48. Kg3 Kg7 49. Rd2 Rf6 50. Rd5 h5 51. h4 g5 52. Bxh5 gxh4+ 53. Kxh4 a4 54. Rb5 axb3 55. axb3 Rf1 56. Kg5 Rg1+ 57. Kf5 Kh6 58. Bf3 Rf1 59. Ke4 Kg5 60. Rxb4 Re1+ 61. Kd3 Kf4 62. Be2 e4+ 63. Kd2 Rb1 64. Kc2 Re1 65. Bh5 Ra1 66. Bd1 Ke3 67. Rb6 Ra2+ 68. Kc1 Rd2 69. Ra6 Rd3 70. Bc2 Rd4 71. Ra8 Ke2 72. Rg8 e3 73. Rh8 Kf1 74. Rf8+ Ke1 75. Rh8 e2 76. Rh1+ Kf2 77. Rh2+ Kf1 78. Rh1+ Kg2 79. Re1 Kf2 80. Rxe2+ Kxe2 81. Kb2 Kd2 82. Bf5 Rf4 1/2-1/2

[Event "Guillermo Garcia Memorial op 26th"]
[Site "Santa Clara"]
[Date "2017.05.18"]
[Round "3"]
[White "Duarte Napoles, Fanny"]
[Black "Alfonso Ruisanchez, Laritza"]
[Result "1-0"]
[WhiteElo "2254"]
[BlackElo "1916"]
[PlyCount "55"]
[EventDate "2017.05.16"]
[EventType "swiss"]
[EventRounds "9"]
[EventCountry "CUB"]
[SourceTitle "CBM 178 Extra"]
[Source "ChessBase"]
[SourceDate "2017.06.22"]
[SourceVersion "1"]
[SourceVersionDate "2017.06.22"]
[SourceQuality "1"]

1. d4 Nf6 2. c4 e6 3. g3 d5 4. Nf3 Nbd7 5. Bg2 b6 6. cxd5 exd5 7. 0-0 Be7 8. Ne5 Bb7 9. Qa4 c5 10. Bh3 a6 11. Nc6 Bxc6 12. Qxc6 0-0 13. Be3 Rc8 14. Qa4 cxd4 15. Bxd4 Rc4 16. Qd1 Bc5 17. Bc3 Be7 18. Nd2 Rc7 19. Nf3 Ne4 20. Bd4 Bc5 21. Rc1 f5 22. Bxc5 Ndxc5 23. Nd4 Rcf7 24. b4 Ng5 25. Bg2 Nce6 26. Nxe6 Nxe6 27. Bxd5 Re8 28. Bxe6 1-0